| 000 | 00903nam a22002177a 4500 | ||
|---|---|---|---|
| 001 | EIF-IV-1999-M2-017 | ||
| 003 | OSt | ||
| 005 | 20221107195757.0 | ||
| 008 | 221107b |||||||| |||| 00| 0 eng d | ||
| 040 |
_aFundación Jesús Pereda _cFundación Jesús Pereda |
||
| 041 | _aCastellano | ||
| 100 |
_uUniversitat Autónoma de Barcelona _aMorente Valero, Francisco _9234 |
||
| 111 |
_aEncuentro de Investigadores del Franquismo _c(Valencia. _d1999. _n4º) _996 |
||
| 245 |
_aFascismo y política educativa. _bAnálisis comparativo de los casos italiano y español _c/Francisco Morente Valero |
||
| 650 | 0 |
_9188 _aEducación |
|
| 650 | 0 |
_9153 _aIdeología política |
|
| 651 | 0 |
_9319 _aItalia |
|
| 773 |
_tActas del IV Encuentro de Investigadores del Franquismo _g232-237 p. |
||
| 856 | _uhttps://bibliotecaccoocyl.fundacionjesuspereda.es/cgi-bin/koha/opac-retrieve-file.pl?id=769863a470f8087b0209d70539d966a5 | ||
| 942 |
_2ddc _cCF _n0 |
||
| 999 |
_c149 _d149 |
||